| 000 | 00337nam a2200121Ia 4500 | ||
|---|---|---|---|
| 008 | 230907s9999||||xx |||||||||||||| ||und|| | ||
| 082 |
_a690.0286 _bLEV |
||
| 100 |
_aLevite, Brian. _9115789 |
||
| 245 | 0 | _aEnergy resilient buildings & communities : | |
| 300 | _axv, 214 pages : | ||
| 650 |
_aHandbooks, manuals, etc. _911475 |
||
| 942 | _cBK | ||
| 999 |
_c599552 _d599552 |
||